Vzťahy medzinárodného práva k nadväzujúcim spoločenským javom a systémom

Saved in:
Bibliographic Details
Main Author: Mráz, Stanislav
Format: Book Chapter
Language:Slovak
Tags: Add Tag
No Tags, Be the first to tag this record!

MARC

LEADER 00000naa$a2200000$$$4500
001 0061351
005 20240502071704.2
041 0 |a slo 
044 |a SK 
245 1 0 |a Vzťahy medzinárodného práva k nadväzujúcim spoločenským javom a systémom  |c Stanislav Mráz 
100 1 |a Mráz, Stanislav